000 01049nas a2200265 4500
001 BR8300469
003 BR-BrBNA
005 20231205085419.0
007 ta
008 230509b bl.|||p| |||| 00| 00por d
040 _aBR-BrBNA
_bpor
_cBiblioteca Nacional de Agricultura
041 _a(Pt)
072 _aH20
100 1 _aSilva, S.D.V.M.
100 1 _aLoch, L.C.
245 1 _aAlguns aspectos de epidemiologia da antracnose do feijoeiro (Phaseolus vulgaris L.)e influencia do uso de benomyl sobre componentes do rendimento [Colletotrichum lindemuthianum, fungicida]
246 1 _aSome epidemiological aspects of bean anthracnosis (Phaseolus vulgaris L.)and influence of the usage of benomyl on yield components [Colletotrichum lindemuthianum, fungicide]
650 _aFEIJAO
650 _aANTRACNOSE
650 _aFUNGICIDA
650 _aCONTROLE QUIMICO
773 0 _tFitopatologia Brasileira (Brazil)
_xISSN 0100-4158
_g(Oct 1982), v. 7(3) p. 427-435
_wBR8300469
909 _a202311
_bLúcia
_c55
_dLúcia Elande
942 _2AGRIS
_n0
_cANA
999 _c111291
_d111291